Slovenské aktivity v zahraničnom obchode.
Riaditeľ Odboru ZO na MH SR o zahraničnom obchode Slovenska v r. 1992 (porovnateľný s r. 1991), proexportných opatreniach v zahraničnoobchodnej politike Slovenska voči krajinám s trhovou a netrhovou ekonomikou.
Salvato in:
| Autore principale: | |
|---|---|
| Altri autori: | |
| Natura: | Capitolo di libro |
| Lingua: | slovacco |
| Soggetti: | |
| Tags: |
Nessun Tag, puoi essere il primo ad aggiungerne!!
|
MARC
| LEADER | 00000naa a2200000 4500 | ||
|---|---|---|---|
| 001 | r012033 | ||
| 005 | 20221207124337.1 | ||
| 041 | 0 | |a slo | |
| 044 | |a SK | ||
| 245 | 1 | 0 | |a Slovenské aktivity v zahraničnom obchode. |c Štefan Burda, I. Kerná |
| 520 | |a Riaditeľ Odboru ZO na MH SR o zahraničnom obchode Slovenska v r. 1992 (porovnateľný s r. 1991), proexportných opatreniach v zahraničnoobchodnej politike Slovenska voči krajinám s trhovou a netrhovou ekonomikou. | ||
| 610 | 2 | 0 | |a obchod zahraničný |
| 610 | 2 | 0 | |a Slovensko |
| 610 | 2 | 0 | |a 1992 |
| 610 | 2 | 0 | |a politika zahraničnoobchodná |
| 100 | 1 | |a Burda, Štefan | |
| 700 | 1 | |a Kerná, I. | |